Менеджмент знаний: подход к внедрению; Методы менеджмента качества; № 7

Podrobná bibliografie
Parent link:Методы менеджмента качества: научно-технический журнал/ Всероссийская организация качества (ВОК).— , 1999-.— 0130-6898
№ 7.— 2002.— С. 24-29
Hlavní autor: Балашов Е. А.
Jazyk:ruština
Vydáno: 2002
Edice:Технология развития
Témata:
Médium: Kapitola
KOHA link:https://koha.lib.tpu.ru/cgi-bin/koha/opac-detail.pl?biblionumber=384219

MARC

LEADER 00000naa2a2200000 4500
001 384219
005 20231101063229.0
035 |a (RuTPU)RU\TPU\prd\10715 
090 |a 384219 
100 |a 20030218a2002 k y0rusy50 ca 
101 0 |a rus 
102 |a RU 
200 1 |a Менеджмент знаний: подход к внедрению  |f Е. А. Балашов 
225 1 |a Технология развития 
320 |a Библиогр.: 3 назв. 
461 1 |0 (RuTPU)RU\TPU\prd\1635  |x 0130-6898  |t Методы менеджмента качества  |o научно-технический журнал  |f Всероссийская организация качества (ВОК)  |d 1999- 
463 1 |0 (RuTPU)RU\TPU\prd\5994  |t № 7  |v С. 24-29  |d 2002 
610 1 |a менеджмент знаний 
610 1 |a внедрение 
610 1 |a определения 
610 1 |a интеллектуальный капитал 
610 1 |a управление 
610 1 |a мотивация 
700 1 |a Балашов  |b Е. А. 
801 1 |a RU  |b 63413507  |c 20030218  |g PSBO 
801 2 |a RU  |b 63413507  |c 20130520  |g RCR 
942 |c BK